| 000 | 00630nam a2200193 a 4500 | ||
|---|---|---|---|
| 001 | 000024213 | ||
| 005 | 20200930022820.0 | ||
| 008 | 110120s1979 ag r 000 p spa d | ||
| 040 |
_aDO-SdBNP _bspa _cBNPHU |
||
| 082 |
_a811.5 _bR719p |
||
| 100 | 1 |
_aRoethke, Theodore, _d1908-1963. _949734 |
|
| 245 | 1 | 0 |
_aPoemas / _cTheodore Roethke ; versión y prólogo de Alberto Girri. |
| 260 |
_aBuenos Aires, Argentina : _bFraterna, _c1979. |
||
| 300 |
_a101, [6] p. ; _c23 cm. |
||
| 650 | 4 |
_aPoesía estadounidense _96278 |
|
| 650 | 4 |
_aLiteratura estadounidense _ySIGLO XX _96874 |
|
| 700 | 1 |
_aGirri, Alberto _epról. _949735 |
|
| 049 | _aBNGR | ||
| 999 |
_c23707 _d23707 |
||